000 00500nam a2200181Ia 4500
005 20250326144132.0
008 250326s9999 xx 000 0 und d
037 _aTextbook
040 _aFMSL
_beng
_cFMSL
041 _aeng
_2eng
084 _aX71:8E K7
_qFMSL
100 _aNovick D
_9749107
245 0 _aProgram budgeting
_cNovick D
260 _aMassachusetts
_bMassachusetts, Harvard University
_c1967
300 _a382p
942 _cTB
_hX71:8E K7
999 _c1302499
_d1302499